000 01145nam a2200265 4500
001 178123
003 ES-MaACL
005 20250809014414.0
008 110518s2009 sp f |||| | spa d
080 _a347.67(460)
100 1 _aKrsnik Castelló, Sergio.
_9146603
245 1 0 _aManual sobre actividad consular en materia testamentaria /
_cSergio Krsnik Castelló.
250 _a4ª ed.
260 _aMadrid :
_bMinisterio de Asuntos Exteriores y de Cooperación, Dirección General de Asuntos y Asistencia Consulares,
_c2009.
300 _a185 p. ;
_c22 cm.
500 _aAnexos legislativos.
505 8 _aContiene: Testamento abierto. Testamento cerrado. Testamento ológrafo... Actuación consular relativa a los testamentos marítimos
650 0 7 _aTestamentos-
_zEspaña.
_917524
650 0 7 _aDerecho diplomático y consular
_2embne
_911701
710 1 _aEspaña.
_bMinisterio de Asuntos Exteriores y de Cooperación.
_93847
852 _aES-MaACL
_9184982
_bR.145229
_jA-11201
_dOlim: N-4205
_cDEPO1
_xDonación: Editorial
942 _2udc
_cMONOGRAFIA
999 _c178123
_d178123